Pavol Dobšinský 1828-1885

Bibliographic Details
Main Author: Sajenko, Milan, 1933-2020 (Author)
Format: Article
Language:Slovak
Subjects:

MARC

LEADER 00000nab a2200000 a 4500
001 vtls001005717
003 SK-MaSNL
005 20260423135756.0
008 040720e19990331xo 0 slo
035 |a RV6317 
040 |a RVGKPD  |b slo  |c RVGKPD  |e AACR2 
041 0 |a slo 
044 |a xo  |c SK 
080 |a 82:929:885.4  |2 1981 
080 |a 885.4:929  |2 1981 
100 1 |a Sajenko, Milan,  |d 1933-2020  |4 aut  |9 5248 
245 1 0 |a Pavol Dobšinský 1828-1885  |c Milan Sajenko 
600 1 7 |a Dobšinský, Pavol,  |d 1828-1885  |2 RVGKPD  |9 242422 
600 1 7 |a Dobšinský, Pavol,  |d 1828-1885  |t Slovenské povesti  |2 RVGKPD  |9 116431 
651 7 |a Slavošovce (Slovensko)  |2 RVGKPD  |9 28955 
773 0 |t Slavošovské obecné noviny  |g Roč. 4, č. 15 (31.3.1999), s. 3 
852 |a ZVYKNI  |b KIS3GCP 
999 |c 2236062  |d 2237992